1457 1292 1988 1125 1138 1387 1172 1949 1959 1510 1643 1582 1901 1822 1412 1871 1383 1962 1645 1016 1796 1044 1207 1878 1926 1187 1183 1721 1870 1474 1501 1150 1507 1255 1199 1934 1675 1964 1971 1046 1229 1464 1004 1498 1726 1155 1315 1112 1417 1974 1639 1611 1885 1195 1415 1751 1477 1057 1399 1355 1527 1352 1815 1664 1833 1849 1544 1786 1034 1283 1223 1094 1247 1181 1707 1771 1045 1075 1588 1093 1377 1892 1401 1349 1658 1886 1666 1582 1131 1559 1299 1071 1454 1206 1886 1463 1241 1183 1032 BCNSPRNW ULIB Ver.6.0+V

เปลี่ยนเป็นภาษาไทย

Change to English
 แสดงรายละเอียดบรรณานุกรม
  กลับหน้าหลัก

Brief Record : Get Marc (ISO 2709) : E-mail record : QR code < ปิดหน้าต่าง
LEADER : 00000nam 2200000uu 4500
001    13399107917
003     ULIB
008    110209s||||||||th 000 0 tha d
020    9742919267
060 04 WY158^bย399ก 2545
100 0  ยุพดี รัตตะรังสี
245 10 การพยาบาลผู้ป่วยสูงอายุทางจักษุวิทยา /^cยุพดี รัตตะรังสี
250    พิมพ์ครั้งที่ 2
260    [นนทบุรี] :^bกลุ่มงานการพยาบาล โรงพยาบาลสงฆ์ กรมการแพทย์กระทรวงสาธารณสุข,^c2545
300    (6), 170 หน้า :^bภาพประกอบ ;^c30 ซม.
650  7 การพยาบาล
650  7 จักษุวิทยา
650  7 ผู้สูงอายุ
710 2  กรมการแพทย์. ^bกลุ่มงานการพยาบาล
710 2  กระทรวงสาธารณสุข. ^bกรมการแพทย์
945    ^p0^l0^i017189
945    ^p0^l0^i016295
945    ^p0^l0^i016294
945    ^p0^l0^i016296
995    ทศพร
999 ^a ใช้งานได้ทุกระบบ
รายการนี้ยังไม่มีแท็ก
คุณยังไม่ได้ล็อกอิน คุณสามารถมีกิจกรรมร่วมกับเว็บไซต์ได้ แต่ต้องล็อกอินก่อน ::
  ล็อกอิน

รายการสื่อสารสนเทศ

ลำดับที่ ประเภท เลขเรียก/บาร์โค้ด สถานที่ สถานะ
1. วิทยาศาสตร์การแพทย์ และสุขภาพ
วิทยาศาสตร์การแพทย์ และสุขภาพ
สถานะ=หนังสือเก่า
WY158 ย399ก 2545 ฉ.4 
  Barcode: 017189
ห้องสมุดวิทยาเขตสวรรค์ประชารักษ์
►ส่วนจัดเก็บหนังสือเก่า สปร
บนชั้น
  ขอยืม

รายการใกล้เคียง
    หัวเรื่อง [การพยาบาล]
    หัวเรื่อง [จักษุวิทยา]
    หัวเรื่อง [ผู้สูงอายุ]

BibComment


ยังไม่เคยถูกคอมเมนท์

คอมเมนท์ทรัพยากรรายการนี้
  คอมเมนท์: การพยาบาลผู้ป่วยส..


 Copyright 2026. Bcnsprnw @Library